L'alphabet sans les voyelles - Statistiques

Statistiques générales
  • Ce quiz a été pris 400 fois
  • Le résultat moyen est 17 sur 20
Statistiques - réponses
Réponse % Correct
b
100%
c
98%
d
98%
f
96%
g
96%
h
95%
j
92%
k
91%
l
91%
m
90%
n
88%
p
84%
q
80%
r
79%
s
76%
t
75%
v
69%
w
64%
x
60%
z
50%
Aucun quiz correspondant
Distribution des résultats
% des personnes avec chaque résultat
Percentile par nombre de réponses
Votre historique - résultats
Vous n’avez pas pris ce quiz